TOP 10 NEW ENGLAND PATRIOTS 2015 #1 - Statistics

General Stats
  • This quiz has been taken 367 times
    355 since last reset
  • The average score is 5 of 10
Answer Stats
Hint Answer % Correct
QB Tom Brady
100%
TE Rob Gronkowski
96%
WR Julian Edelman
89%
WR Danny Amendola
59%
CB Malcolm Butler
56%
K Stephen Gostkowski
55%
LB Jamie Collins
31%
DE Rob Ninkovich
26%
DT Alan Branch
20%
DT Jabaal Sheard
7%
No matching quizzes found
Score Distribution
Percent of People with Each Score
Percentile by Number Answered
Your Score History
You have not taken this quiz since the last reset